000 00571nam a2200193Ia 4500
005 20260114185700.0
008 008 260114s9999 xx 000 0 eng d
020 _a9781472599360
037 _aEBOOK
040 _aCRL
_beng
_cCRL
041 _aeng
_2eng
084 _qCRL
100 _aAnne Crawford
_9873079
245 0 _aYorkist Lord John Howard, Duke of Norfolk, c. 1425 -1485
260 _bBloomsbury
_c2010
856 _uhttps://doi.org/10.5040/9781472599360?locatt=label:secondary_bloomsburyCollections
942 _cEBOOK
999 _c1472027
_d1472027